Aplikácia etických princípov v systéme účtovníctva podnikov dizertačná práca

Saved in:
Bibliographic Details
Main Author: Varinská, Katarína
Corporate Author: Fakulta hospodárskej informatiky EU. Katedra účtovníctva a audítorstva
Other Authors: Hvoždarová, Jana
Format: Book
Language:Slovak
Published: Bratislava 2014
Subjects:
Tags: Add Tag
No Tags, Be the first to tag this record!

MARC

LEADER 00000nbm a2200000 4500
001 0191730
005 20240502073222.8
041 0 |a slo 
044 |a SK 
245 1 0 |a Aplikácia etických princípov v systéme účtovníctva podnikov  |b dizertačná práca  |c Katarína Varinská ; školiteľ: Janka Hvoždarová 
264 1 |a Bratislava  |c 2014 
300 |a 152 s. 
610 2 0 |a účtovníctvo 
610 2 0 |a systémy informačné 
610 2 0 |a etika podniková 
610 2 0 |a etika podnikateľská 
610 2 0 |a etika manažérska 
610 2 0 |a podnikanie 
610 2 0 |a účty finančné 
100 1 |a Varinská, Katarína 
700 1 |a Hvoždarová, Jana 
710 2 |a Fakulta hospodárskej informatiky EU. Katedra účtovníctva a audítorstva